Statistics for Countries Closest to Afghanistan by first two letters

Click here to take the quiz!

General Stats

  • This quiz has been taken 524 times
  • The average score is 14 of 20

Answer Stats

kmcountrymiles% Correct
211India131
94%
0Pakistan0
94%
0Iran0
93%
1204Iraq748
93%
0Turkmenistan0
92%
0Tajikistan0
85%
300Kazakhstan187
84%
101Kyrgyzstan62
84%
0China0
82%
0Uzbekistan0
81%
1301Russia808
69%
976Saudi Arabia606
69%
1016Nepal631
63%
1077Bahrain669
59%
1086Azerbaijan675
56%
1202Kuwait747
54%
576Oman358
51%
1010Qatar628
48%
1355Armenia842
47%
627United Arab
Emirates
390
43%

Score Distribution

Percentile by Number Answered

Percent of People with Each Score

Your Score History

You have not taken this quiz